[Event "Eq:CONFOEDERATIONIS HELVETICAE-Clubul Central de Sah : "]
[Site "www.chess-mail.com"]
[Date "2015.11.18"]
[Round "1"]
[White "Asoka"]
[Black "Calulalb"]
[WhiteElo "2670"]
[BlackElo "2730"]
[Result "1-0"]
[Round "1"]
1.c4 e5
2.Nb1c3 Ng8f6
3.Ng1f3 Nb8c6
4.e3 Bf8b4
5.Qd1c2 Bb4xc3
6.bxc3 d6
7.d4 Bc8g4
8.Nf3h4 O-O
9.h3 Bg4d7
10.Nh4f3 Rf8e8
11.Bf1e2 Qd8c8
12.Nf3d2 Nc6e7
13.O-O Ne7g6
14.Be2d3 Ng6h4
15.Nd2e4 Bd7xh3
16.gxh3 Qc8xh3
17.f3 Re8e6
18.Rf1f2 Nf6xe4
19.Bd3xe4 Ra8e8
20.Qc2e2 exd4
21.Rf2h2 Qh3g3
22.Kf1 Re6xe4
23.fxe4 Re8e6
24.Rh2f2 Qg3h3
25.Ke1 dxe3
26.Bc1xe3 Re6xe4
27.Kd2 Nh4g6
28.Qe2d3 Re4e8
29.Ra1f1 Ng6e5
30.Qd3d5 c6
31.Qd5e4 Qh3e6
32.Kc1 Qe6xc4
33.Qe4xc4 Ne5xc4
34.Be3xa7 f6
35.Rf2f4 d5
36.Ba7d4 b6
37.Bd4xf6 gxf6
38.Rf4xf6  { time }
1-0

[Event "Eq:CONFOEDERATIONIS HELVETICAE-Clubul Central de Sah : "]
[Site "www.chess-mail.com"]
[Date "2015.11.18"]
[Round "1"]
[White "Calulalb"]
[Black "Asoka"]
[WhiteElo "2730"]
[BlackElo "2670"]
[Result "0-1"]
[Round "1"]
1.e4 e5
2.Ng1f3 Nb8c6
3.Bf1b5 a6
4.Bb5xc6 dxc6
5.O-O Qd8f6
6.d4 exd4
7.Bc1g5 Qf6d6
8.Nf3xd4 Bf8e7
9.Bg5e3 c5
10.Nd4f3 Ng8f6
11.Nb1c3 Bc8e6
12.Qd1e2 Qd6b6
13.Be3g5 O-O-O
14.e5 Qb6xb2
15.exf6 gxf6
16.Bg5d2 Qb2xc2
17.Rf1c1 Qc2d3
18.Bd2e3 Qd3xe2
19.Nc3xe2 b6
20.a4 Rh8e8
21.Ne2f4 Be6g4
22.a5 Bg4xf3
23.gxf3 f5
24.axb6 cxb6
25.Ra1xa6 Kb7
26.Ra6a3 Rd8d6
27.Rc1b1 Re8d8
28.Ra3a1 Kc6
29.Nf4h5 Rd8d7
30.Kf1 Be7d8
31.Ke2 Bd8c7
32.Ra1a6 Rd7e7
33.f4 Kb7
34.Ra6a3 Bc7d8
35.Nh5g7 Rd6d5
36.Rb1a1 Kc6
37.Ra3a8 Re7c7
 { time }
0-1

[Event "Eq:Los Tercios-Clubul Central de Sah : "]
[Site "www.chess-mail.com"]
[Date "2015.11.18"]
[Round "1"]
[White "Julianlore"]
[Black "Calulalb"]
[WhiteElo "2610"]
[BlackElo "2730"]
[Result "1-0"]
[Round "1"]
1.e4 c5
2.Ng1f3 e6
3.d4 cxd4
4.Nf3xd4 a6
5.c4 Ng8f6
6.Nb1c3 Qd8c7
7.a3 b6
8.Bc1e3 Bc8b7
9.f3 Bf8e7
10.Ra1c1 d6
11.Bf1e2 O-O
12.O-O Rf8c8
13.Qd1e1 Nb8d7
14.Qe1f2 h6
15.Rf1d1 Nd7e5
16.b3 Ra8b8
17.Kh1 Ne5g6
18.b4  { time }
1-0

[Event "Tourn. n8452"]
[Site "www.chess-mail.com"]
[Date "2015.11.19"]
[Round "1"]
[White "Lino"]
[Black "Maredocla"]
[WhiteElo "2249"]
[BlackElo "1990"]
[Result "0-1"]
[Round "1"]
1.e4 c5
2.Ng1f3 Nb8c6
3.Bf1b5 Qd8b6
4.Nb1c3 a6
5.Bb5xc6 Qb6xc6
6.d4 Qc6g6
7.O-O d6
8.Nc3d5 Kd8
9.Qd1e1 Bc8h3
10.Nd5f4 Qg6f6
11.Nf4xh3 Ra8c8
 { time }
0-1

[Event "Tourn. n8455"]
[Site "www.chess-mail.com"]
[Date "2015.11.19"]
[Round "1"]
[White "Dulap"]
[Black "Gatrooper"]
[WhiteElo "1619"]
[BlackElo "1620"]
[Result "1-0"]
[Round "1"]
1.e4 e5
2.Ng1f3 Nb8c6
3.Bf1c4 d6
4.Nb1c3 Bc8e6
5.Nc3d5 Be6xd5
6.Bc4xd5 Ng8f6
7.Bd5b3 Nf6xe4
8.O-O h6
9.Rf1e1 f5
10.d4 exd4
11.Nf3xd4 Nc6xd4
12.Qd1xd4 Qd8e7
13.f3 O-O-O
14.fxe4 f4
15.Qd4xa7 Kd7
16.Qa7xb7 Rd8c8
17.Bc1xf4 g5
18.Bf4xd6 Qe7g7
19.Bb3e6 Kxe6
20.Bd6g3 Bf8c5
21.Kh1 Rh8e8
22.Qb7d5 Ke7
23.Qd5xc5 Kf7
24.Re1f1 Kg8
25.Qc5d5 Kh8
26.Rf1f7 Qg7g6
27.Bg3e5 Re8xe5
28.Qd5xe5 Kg8
29.Qe5f5 Qg6xf5
30.Rf7xf5 c5
31.Ra1d1 c4
32.Rf5f6 h5
33.Rf6g6 Kh8
34.Rg6xg5 Rc8c7
35.Rg5xh5 Kg7
36.e5 Rc7e7
37.Rd1d4 Kg6
38.g4 Re7f7
39.Rd4d6 Kg7
40.Kg2 Kg8
41.Rd6d8 Kg7
42.e6 Rf7e7
43.Rd8d7 Re7xd7
44.exd7 { resign }
1-0

[Event "Tourn. n8457"]
[Site "www.chess-mail.com"]
[Date "2015.11.19"]
[Round "1"]
[White "Azulmarino"]
[Black "Llcervello"]
[WhiteElo "1750"]
[BlackElo "1700"]
[Result "1-0"]
[Round "1"]
1.e4 e5
2.Nb1c3 c6
3.Bf1c4 Ng8h6
4.d3 d6
5.Qd1f3 f6
6.Qf3h5 g6
7.Qh5f3 b5
8.Bc1xh6 bxc4
9.Bh6xf8 Rh8xf8
10.dxc4 h5
11.Ng1e2 Bc8g4
12.Qf3e3 c5
13.Qe3h6 Kf7
14.Qh6h7 Ke6
15.Ne2g3 Rf8g8
16.h3 Bg4xh3
17.Rh1xh3 Nb8d7
18.Ng3xh5 gxh5
19.Rh3xh5 Rg8xg2
20.Qh7f5 Ke7
21.Nc3d5 Ke8
22.Rh5h8 Kf7
23.Rh8xd8 Ra8xd8
24.O-O-O Rd8g8
25.Qf5h5 Rg2g6
26.Qh5h7 Ke8
27.Qh7e7 { resign }
1-0

[Event "Tourn. n8461"]
[Site "www.chess-mail.com"]
[Date "2015.11.19"]
[Round "1"]
[White "Raven16"]
[Black "Azulmarino"]
[WhiteElo "1689"]
[BlackElo "1750"]
[Result "1-0"]
[Round "1"]
1.c4 c5
2.Nb1c3 b6
3.Ng1f3 Ng8f6
4.g3 h6
5.Bf1g2 Bc8b7
6.O-O Nf6g4
7.d4 e6
8.e4 Bf8d6
9.e5 Bd6e7
10.h3 Bb7xf3
11.Bg2xf3 cxd4
12.Bf3xa8 Ng4xe5
13.Qd1xd4 Be7f6
14.Qd4e4 d6
15.Bc1f4 Nb8a6
16.Ba8c6 Ke7
17.Ra1d1 Na6c5
18.Qe4c2 Ne5f3
19.Bc6xf3 e5
20.Bf4e3 Qd8d7
21.Nc3b5 g5
22.Nb5xd6 h5
23.Nd6f5 Ke6
24.Rd1xd7 Nc5xd7
25.Bf3d5 { resign }
1-0

[Event "Tourn. n8444"]
[Site "www.chess-mail.com"]
[Date "2015.11.19"]
[Round "1"]
[White "Seger"]
[Black "Wwgia"]
[WhiteElo "2750"]
[BlackElo "2200"]
[Result "1-0"]
[Round "1"]
1.d4 Ng8f6
2.c4 g6
3.Nb1c3 d5
4.cxd5 Nf6xd5
5.Ng1f3 Bf8g7
6.e4 Nd5xc3
7.bxc3 O-O
8.Bf1d3 c5
9.O-O Bc8g4
10.Ra1b1 Nb8c6
11.d5 Nc6e5
12.Bd3e2 Bg4xf3
13.gxf3 e6
14.f4 Ne5d7
15.dxe6 fxe6
16.Rb1xb7 Rf8f7
17.f5 gxf5
18.Be2h5 Rf7e7
19.Bc1g5 { resign }
1-0

[Event "Tourn. n8475"]
[Site "www.chess-mail.com"]
[Date "2015.11.19"]
[Round "1"]
[White "Gmscalpel"]
[Black "Rons"]
[WhiteElo "2020"]
[BlackElo "2580"]
[Result "0-1"]
[Round "1"]
1.Ng1f3 Ng8f6
2.h3 g6
3.Nb1c3 d5
4.Nf3e5 d4
5.Ne5xf7 Kxf7
6.Nc3e4 Nf6xe4
7.d3 Ne4c5
8.c4 Nb8c6
9.b3 e5
10.e4 Bf8g7
11.f4 Qd8h4
12.Ke2 Nc6b4
{ resign }
0-1

[Event "Tourn. n8470"]
[Site "www.chess-mail.com"]
[Date "2015.11.19"]
[Round "1"]
[White "Vinvangogh"]
[Black "Dulap"]
[WhiteElo "1560"]
[BlackElo "1690"]
[Result "0-1"]
[Round "1"]
1.e4 e5
2.Bf1c4 Ng8f6
3.Qd1f3 Nb8c6
4.c3 Bf8e7
5.d4 d6
6.Bc1g5 exd4
7.Ng1e2 Nc6e5
8.Bc4xf7 Kxf7
9.Qf3f4 Ne5d3
10.Kf1 Nd3xf4
11.Ne2xf4 Nf6xe4
12.Bg5xe7 Qd8xe7
13.Nb1a3 Qe7f6
14.Ra1e1 Qf6xf4
15.Re1e2 Rh8f8
16.g3 Bc8h3
17.Ke1 Qf4c1
{ resign }
0-1

[Event "Tourn. n8408"]
[Site "www.chess-mail.com"]
[Date "2015.11.19"]
[Round "1"]
[White "Yangqi"]
[Black "Aperturaf"]
[WhiteElo "2520"]
[BlackElo "2390"]
[Result "1/2-1/2"]
[Round "1"]
1.d4 e6
2.Ng1f3 d5
3.c4 Ng8f6
4.g3 dxc4
5.Bf1g2 a6
6.O-O Nb8c6
7.Nb1c3 Ra8b8
8.e4 Bf8e7
9.Qd1e2 Nc6xd4
10.Nf3xd4 Qd8xd4
11.Rf1d1 Qd4c5
12.e5 Nf6d5
13.Nc3e4 Qc5b5
14.Qe2g4 Kf8
15.Bc1g5 Be7xg5
16.Ne4xg5 h6
17.Qg4h5 Qb5d7
18.Ng5e4 Qd7e7
19.Ra1c1 b5
20.b3 Nd5b6
21.Ne4d2 g6
22.Qh5e2 cxb3
23.Nd2xb3 Nb6c4
24.Nb3d4 Bc8d7
25.Bg2c6 Rb8d8
26.Bc6xd7 Rd8xd7
27.Nd4c6 Rd7xd1
28.Rc1xd1 Qe7a3
29.Qe2g4 g5
30.h4 Qa3c3
31.hxg5 Nc4d2
32.Qg4f4 Qc3xc6
33.Qf4f6 Rh8h7
34.Qf6d8 Qc6e8
35.Qd8xd2 Kg7
36.g6 Rh7h8
37.gxf7 Qe8e7
38.Qd2a5 Rh8d8
39.Rd1c1 Qe7xf7
40.Rc1xc7 Rd8d7
41.Rc7xd7 Qf7xd7
42.Qa5xa6 Qd7d1
43.Kh2 Qd1h5
{ draw }
1/2-1/2

[Event "Tourn. n8464"]
[Site "www.chess-mail.com"]
[Date "2015.11.19"]
[Round "1"]
[White "Wwgia"]
[Black "Seger"]
[WhiteElo "2210"]
[BlackElo "2740"]
[Result "0-1"]
[Round "1"]
1.f4 d5
2.b3 c5
3.Bc1b2 e6
4.e3 Ng8f6
5.Ng1f3 Bf8e7
6.Bf1b5 Nb8d7
7.O-O O-O
8.Bb5xd7 Nf6xd7
9.d3 b5
10.Nb1d2 a5
11.Nf3e5 Nd7xe5
12.Bb2xe5 d4
13.exd4 f6
14.Qd1f3 Ra8a7
{ resign }
0-1

[Event "Match"]
[Site "www.echecsemail.com"]
[Date "2015.11.19"]
[Round "1"]
[White "Acucar1"]
[Black "Caspito"]
[WhiteElo "1640"]
[BlackElo "1750"]
[Result "1-0"]
[Round "1"]
1.e4 e5
2.Ng1f3 Nb8c6
3.Bf1b5 a6
4.Bb5xc6 dxc6
5.O-O Bf8d6
6.d4 Bc8g4
7.dxe5 Bg4xf3
8.Qd1xf3 Bd6xe5
9.Nb1d2 Ng8f6
10.Qf3f5 Be5xh2
11.Kxh2 Qd8d6
12.e5 Qd6d5
13.Nd2b3 O-O
14.Bc1f4 Nf6e4
15.Ra1d1 Qd5c4
16.f3 g6
17.Qf5xe4 { resign }
1-0

[Event "Match"]
[Site "www.echecsemail.com"]
[Date "2015.11.19"]
[Round "1"]
[White "Coraza8091"]
[Black "Dulap"]
[WhiteElo "1690"]
[BlackElo "999"]
[Result "0-1"]
[Round "1"]
1.e4 e5
2.Bf1c4 Ng8f6
3.Nb1c3 Nb8c6
4.a3 Bf8e7
5.Ng1f3 d6
6.Nf3g5 O-O
7.d3 h6
8.Ng5h3 Bc8xh3
9.gxh3 Qd8d7
10.Qd1f3 Nc6d4
11.Qf3d1 Qd7xh3
12.Bc1e3 Nd4f3
13.Ke2 Nf6g4
14.d4 exd4
15.Be3xd4 Nf3xd4
16.Ke1 Qh3g2
17.Kd2 Qg2xf2
18.Kc1 Be7g5
19.Kb1 Ng4e3
20.Qd1xd4 Bg5f6
21.Qd4d3 Ne3xc4
22.Qd3xc4 Qf2g2
23.Ka2 Qg2xc2
24.Ra1c1 Qc2g2
25.Qc4xc7 Rf8c8
26.Qc7xd6 Bf6xc3
27.Rh1g1 Qg2xb2
{ resign }
0-1

[Event "Match"]
[Site "www.echecsemail.com"]
[Date "2015.11.19"]
[Round "1"]
[White "Ssharp"]
[Black "Azulmarino"]
[WhiteElo "2240"]
[BlackElo "1710"]
[Result "1-0"]
[Round "1"]
1.e4 e5
2.f4 Nb8c6
3.fxe5 Nc6xe5
4.Ng1f3 Qd8f6
5.Bf1e2 Bf8c5
6.Nb1c3 Ng8e7
7.b3 c6
8.Rh1f1 d6
9.Bc1b2 Bc8g4
10.Nf3xe5 Bg4xe2
11.Qd1xe2 Qf6xe5
12.O-O-O Bc5d4
13.g4 Qe5g5
14.Qe2c4 Bd4f6
15.Qc4e2 O-O
16.Kb1 Bf6e5
17.d4 Be5f6
18.Bb2c1 Qg5g6
19.Qe2g2 c5
20.Nc3e2 Ne7c6
21.Ne2f4 Qg6h6
22.Nf4e6 Qh6g6
23.Ne6xf8 Ra8xf8
24.d5 Nc6d4
25.h3 Nd4b5
26.Bc1b2 Nb5c3
27.Bb2xc3 Bf6xc3
28.h4 f5
29.exf5 Qg6f6
30.a4 Bc3a1
31.c4 Rf8e8
32.g5 Qf6c3
33.Qg2c2 Qc3b4
34.Kxa1 Qb4a3
35.Kb1 Re8e3
36.Rd1d3 Re3e4
37.f6 Kf7
38.fxg7 Kxg7
39.Rd3f3 Re4d4
40.Rf3f7 Kg8
41.Qc2xh7 { resign }
1-0

[Event "Match"]
[Site "www.echecsemail.com"]
[Date "2015.11.19"]
[Round "1"]
[White "Quiquechess"]
[Black "Wilddog"]
[WhiteElo "1349"]
[BlackElo "1409"]
[Result "0-1"]
[Round "1"]
1.e4 e5
2.Qd1h5 Ng8h6
3.Bf1c4 d6
4.Ng1f3 Bf8e7
5.Bc4b5 c6
6.Bb5a4 Bc8g4
7.Qh5h3 Bg4xh3
8.gxh3 d5
9.exd5 Qd8xd5
10.Nb1c3 Qd5xf3
11.Rh1g1 a6
12.Rg1g3 Qf3f6
13.Nc3e4 Qf6f5
14.Ne4c3 O-O
15.d3 b5
16.Ba4b3 Be7c5
17.Nc3e4 Nb8d7
18.Rg3g5 Qf5xh3
19.Rg5g2 Qh3xg2
20.h4 Nh6g4
 { time }
0-1

[Event "Match"]
[Site "www.echecsemail.com"]
[Date "2015.11.19"]
[Round "1"]
[White "Cristiano"]
[Black "Jhw"]
[WhiteElo "2180"]
[BlackElo "1930"]
[Result "1-0"]
[Round "1"]
1.f4 b6
2.Ng1f3 e6
3.d3 Bc8b7
4.Nb1d2 Ng8f6
5.b3 Bf8c5
6.Bc1b2 Nf6g4
7.d4 Ng4e3
8.Qd1c1 Bb7xf3
9.Nd2xf3 Bc5b4
10.c3 Ne3d5
11.cxb4 Nd5xb4
12.e4 d5
13.e5 Nb8c6
14.a3 Nc6xd4
15.Bb2xd4 c5
16.Bf1b5 Kf8
17.Bd4f2 { resign }
1-0

[Event "Match"]
[Site "www.echecsemail.com"]
[Date "2015.11.19"]
[Round "1"]
[White "Goofy"]
[Black "Gmscalpel"]
[WhiteElo "2190"]
[BlackElo "2400"]
[Result "1-0"]
[Round "1"]
1.e4 d6
2.d4 Ng8f6
3.Nb1c3 g6
4.Ng1f3 c5
5.dxc5 dxc5
6.Qd1xd8 Kxd8
7.Bf1c4 e6
8.Bc1g5 Bf8e7
9.O-O-O Nb8d7
10.Nf3e5 a6
11.Ne5xf7 Ke8
12.Nf7xh8 Nd7f8
13.f3 b5
14.Bc4e2 c4
15.a3 { resign }
1-0

[Event "Match"]
[Site "www.echecsemail.com"]
[Date "2015.11.19"]
[Round "1"]
[White "Eman85"]
[Black "Genius7"]
[WhiteElo "2340"]
[BlackElo "1770"]
[Result "1/2-1/2"]
[Round "1"]
1.e4 c5
2.Ng1f3 Nb8c6
3.Nb1c3 e6
4.d4 cxd4
5.Nf3xd4 Bf8b4
6.Nd4xc6 bxc6
7.Qd1d4 Bb4xc3
8.Qd4xc3 Ng8f6
9.Bc1e3 O-O
10.Bf1d3 d5
11.e5 Nf6d7
12.O-O-O Bc8b7
13.Qc3b4 Nd7b6
14.Bd3e2 Qd8c7
15.f4 Nb6d7
16.Qb4a4 c5
17.Be2b5 Nd7b6
18.Qa4a3 d4
19.Be3f2 a6
20.Bb5f1 Bb7d5
21.Kb1 Rf8b8
22.Bf2h4 Bd5c4
23.Bf1d3 Bc4xd3
24.cxd3 Nb6d5
25.Rd1d2 Rb8b5
26.b3 Rb5a5
27.Qa3c1 Nd5c3
28.Ka1 Ra8b8
29.Bh4e1 Rb8xb3
30.Rd2c2 Rb3a3
31.Be1xc3 dxc3
32.Qc1b1 Ra5b5
33.Qb1e1 Qc7a5
34.f5 Rb5b2
35.Rc2xb2 cxb2
36.Kb1 Ra3c3
37.Qe1e4 h6
38.fxe6 fxe6
39.Qe4a8 Kh7
{ draw }
1/2-1/2

[Event "Match"]
[Site "www.echecsemail.com"]
[Date "2015.11.19"]
[Round "1"]
[White "Coraza"]
[Black "Bojan"]
[WhiteElo "1860"]
[BlackElo "1920"]
[Result "0-1"]
[Round "1"]
1.e4 e5
2.Ng1f3 Nb8c6
3.Bf1c4 h6
4.Nf3g1 Bf8c5
5.Ng1f3 d6
6.Nf3g1 Qd8f6
7.Ng1f3 Bc8g4
8.Nb1c3 Ng8e7
9.Bc4e2 Nc6d4
10.Be2b5 Ne7c6
11.Bb5xc6 Nd4xc6
12.d3 Nc6d4
13.Nc3d5 Qf6d8
14.h3 Nd4xf3
15.gxf3 Bg4e6
16.Nd5c3 c6
17.Rh1g1 Rh8g8
18.Qd1e2 Be6xh3
19.Rg1g3 Bh3e6
20.Bc1xh6 Qd8h4
21.O-O-O Qh4xh6
22.Kb1 a6
23.Rg3g2 g6
24.a3 Kd7
25.Nc3a4 Bc5d4
26.c3 Bd4a7
27.c4 b5
28.cxb5 cxb5
29.Na4c3 f5
30.Rd1g1 Be6f7
31.Qe2e1 Qh6f8
32.Nc3e2 Qf8c8
33.Qe1a5 Qc8b7
34.Rg1c1 Ra8c8
35.Rg2g1 Ba7xf2
36.Rg1d1 Bf2e3
37.Rc1c3 Bf7e6
38.Qa5b4 Rc8c6
39.d4 Rc6xc3
40.Ne2xc3 Be3xd4
41.Nc3e2 Bd4c5
42.Qb4d2 fxe4
43.b4 Bc5d4
44.Ne2xd4 exd4
45.Qd2xd4 Qb7c6
46.Qd4a7 Kd8
47.Qa7b8 Ke7
48.Qb8a7 Be6d7
49.Qa7d4 Bd7f5
50.Kb2 exf3
51.Rd1e1 Kf7
52.Qd4a7 Bf5d7
53.Qa7f2 Rg8g7
54.Re1e3 Bd7g4
55.Re3c3 Qc6b7
56.Qf2c2 Kg8
57.Qc2h2 d5
58.Qh2g3 Bg4h5
59.Rc3c5 Qb7d7
60.Qg3b8 Kh7
61.Qb8f4 Rg7f7
62.Qf4d4 Rf7f5
63.Qd4c3 Qd7g7
64.Rc5c7 Rf5f7
65.Qc3xg7 Kxg7
66.Rc7c1 f2
67.Kb3 f1Q
68.Rc1xf1 Rf7xf1
69.a4 Rf1f3
{ resign }
0-1

[Event "1/2 Finale"]
[Site "www.chess-mail.com"]
[Date "2015.11.19"]
[Round "1"]
[White "Fjpv"]
[Black "Calulalb"]
[WhiteElo "2680"]
[BlackElo "2730"]
[Result "1-0"]
[Round "1"]
1.e4 e5
2.Ng1f3 Nb8c6
3.d4 exd4
4.Nf3xd4 Ng8f6
5.Nd4xc6 bxc6
6.e5 Qd8e7
7.Qd1e2 Nf6d5
8.c4 Bc8a6
9.b3 g6
10.cxd5 Ba6xe2
11.Bc1b2 Be2xf1
12.Kxf1 Qe7g5
13.h4 Qg5f5
14.Nb1c3 Bf8c5
15.Nc3d1 Qf5d3
16.Kg1 cxd5
17.Ra1c1 Qd3d2
18.Rc1xc5 Qd2xd1
19.Kh2 Qd1d2
20.Bb2a1 Qd2xf2
21.Rh1c1 c6
22.Rc5c2 Qf2xh4
23.Kg1 O-O
24.Rc1d1 a5
25.Ba1c3 Rf8b8
26.Rd1d4 Qh4g3
27.Rd4d1 a4
28.b4 a3
29.Rc2c1 Ra8a4
30.Bc3e1 Qg3xe5
31.Rc1b1 Qe5e3
32.Be1f2 Qe3e2
33.Rd1e1 Qe2d2
34.Bf2c5 Ra4xb4
35.Rb1d1 Qd2xa2
36.Bc5d6  { time }
1-0

[Event "1/128 Finale"]
[Site "www.chess-mail.com"]
[Date "2015.11.19"]
[Round "1"]
[White "Guidom"]
[Black "Llord"]
[WhiteElo "2130"]
[BlackElo "1810"]
[Result "1-0"]
[Round "1"]
1.e4 e5
2.Ng1f3 Nb8c6
3.Bf1b5 Bf8d6
4.O-O a6
5.Bb5c4 Ng8f6
6.d3 O-O
7.Bc1g5 h6
8.Bg5h4 Bd6e7
9.Nb1d2 d6
10.c3 Nf6d7
11.Bh4xe7 Nc6xe7
12.b4 b5
13.Bc4b3 Nd7b6
14.d4 Bc8g4
15.h3 Bg4h5
16.Qd1c2 Ne7g6
17.g4 Bh5xg4
18.hxg4 Ng6f4
19.Nf3h2 Qd8h4
20.Qc2d1 Nf4h3
21.Kh1 Nh3xf2
22.Rf1xf2 Qh4xf2
23.Qd1e1 Qf2f4
24.Nd2f1 Rf8e8
25.Qe1e3 Qf4xe3
26.Nf1xe3 exd4
27.cxd4 Re8xe4
28.Ne3d5 Re4xd4
29.Nd5xc7 Ra8c8
30.Nc7xa6 Rc8c6
31.Ra1f1 Kh8
32.Bb3xf7 Nb6c4
33.Bf7g6 Kg8
34.Na6b8 Rc6c8
35.Nb8d7 Nc4e3
36.Rf1e1 Rd4d2
37.Nd7b6 Ne3g2
38.Re1f1 Rc8f8
39.Rf1xf8 Kxf8
40.Nh2f3 Rd2xa2
41.Nf3d4 Ng2f4
42.Bg6f5 Ra2b2
43.Nd4c6 Nf4h3
44.Nb6c8 Rb2d2
45.Nc8e7 Nh3f2
46.Kg1 Nf2h3
47.Kh1 d5
48.Ne7g6 Kf7
49.Ng6e5 Kf6
50.Ne5f3 Rd2d1
51.Kg2 Nh3f4
52.Kg3 Nf4e2
53.Kf2 Ne2c3
54.Nc6e5 Nc3e4
55.Ke3 Rd1b1
56.Ne5c6 Ne4g3
57.Bf5xb1 { resign }
1-0

[Event "1/32 Finale"]
[Site "www.chess-mail.com"]
[Date "2015.11.19"]
[Round "1"]
[White "Vogue"]
[Black "Mitja"]
[WhiteElo "2340"]
[BlackElo "1990"]
[Result "1-0"]
[Round "1"]
1.c4 d5
2.d4 dxc4
3.e3 e6
4.Ng1f3 c6
5.Bf1xc4 Nb8d7
6.Nb1c3 Nd7b6
7.Bc4d3 Ng8f6
8.O-O Nb6d5
9.e4 Nd5xc3
10.bxc3 Bf8e7
11.e5 Nf6d5
12.c4 Nd5b6
13.a4 Nb6d7
14.a5 a6
15.c5 h6
16.Bc1e3 O-O
17.Bd3c2 Rf8e8
18.Nf3d2 Be7g5
19.Nd2e4 Bg5xe3
20.fxe3 Nd7f8
21.Ne4f6 Kh8
22.Nf6xe8 Qd8xe8
23.Qd1f3 Kg8
24.Rf1f2 Bc8d7
25.Ra1f1 { resign }
1-0

[Event "1/128 Finale"]
[Site "www.chess-mail.com"]
[Date "2015.11.19"]
[Round "1"]
[White "Easychess"]
[Black "Mitja"]
[WhiteElo "1410"]
[BlackElo "1990"]
[Result "1/2-1/2"]
[Round "1"]
1.d4 d5
2.c4 dxc4
3.e4 e6
4.Bf1xc4 c6
5.Nb1c3 h6
6.Ng1f3 Nb8d7
7.O-O Nd7b6
8.Bc4b3 Ng8f6
9.Bc1e3 Bf8e7
10.Qd1e2 O-O
11.Rf1d1 Be7b4
12.e5 Nf6h7
13.Bb3c2 Rf8e8
14.Qe2d3 Nh7f8
15.a3 Bb4xc3
16.bxc3 Nb6d5
17.Be3d2 b6
18.c4 Nd5e7
19.a4 Bc8b7
20.Bd2e3 Ne7f5
21.h3 Nf5xe3
22.Qd3xe3 Qd8e7
23.a5 bxa5
24.Ra1xa5 a6
25.Bc2e4 Qe7c7
26.Rd1a1 Re8d8
27.Be4d3 Qc7d7
28.c5 Rd8b8
29.Bd3xa6 Bb7xa6
30.Ra5xa6 Ra8xa6
31.Ra1xa6 Nf8g6
32.Qe3e4 Ng6e7
33.Qe4d3 Ne7d5
34.Qd3a3 Qd7c7
35.Ra6a8 Qc7b7
36.Ra8xb8 Qb7xb8
37.g3 g6
38.Qa3a6 Qb8c7
39.Nf3d2 Kg7
40.Nd2c4 f6
41.Nc4d6 Qc7d7
42.Qa6a8 fxe5
43.dxe5 Nd5e7
44.Kg2 g5
45.Nd6e8 Kf7
46.Ne8f6 Qd7c8
47.Qa8xc8 { draw }
1/2-1/2

[Event "Eq:Slap Shot Mates-La Taverne : "]
[Site "www.chess-mail.com"]
[Date "2015.11.19"]
[Round "1"]
[White "Jpmartinez"]
[Black "Xkafi"]
[WhiteElo "2460"]
[BlackElo "2050"]
[Result "1-0"]
[Round "1"]
1.c4 e5
2.Nb1c3 c6
3.Ng1f3 Qd8f6
4.d4 exd4
5.Nf3xd4 Bf8c5
6.e3 Ng8h6
7.Bf1e2 d6
8.O-O O-O
9.Nd4b3 Bc5b4
10.Bc1d2 Nb8a6
11.a3 Bb4a5
12.Nb3xa5 Na6c5
13.b4 Nc5d7
14.Qd1c2 Nd7e5
15.Na5b3 Bc8f5
16.e4 Bf5g6
17.Bd2e3 Qf6h4
18.h3 Rf8e8
19.f4 Ne5xc4
20.Be2xc4 d5
21.Be3f2 Qh4e7
22.Bc4e2 dxe4
23.Bf2c5 Qe7f6
24.Ra1d1 e3
25.Be2d3 Nh6f5
26.Nc3e2 Re8e6
27.Nb3d4 Nf5xd4
28.Bc5xd4 Qf6h4
29.f5 Bg6xf5
30.Bd3xf5 Re6g6
31.Bf5xg6 hxg6
32.Rf1f4 { resign }
1-0

[Event "Eq:Slap Shot Mates-La Taverne : "]
[Site "www.chess-mail.com"]
[Date "2015.11.19"]
[Round "1"]
[White "Xkafi"]
[Black "Jpmartinez"]
[WhiteElo "2050"]
[BlackElo "2460"]
[Result "1/2-1/2"]
[Round "1"]
1.e4 c5
2.Bf1c4 Nb8c6
3.Qd1h5 e6
4.c3 Ng8f6
5.Qh5f3 Nc6e5
6.Qf3e2 Ne5xc4
7.Qe2xc4 Bf8e7
8.Ng1f3 O-O
9.O-O d5
10.exd5 exd5
11.Qc4f4 Rf8e8
12.d4 c4
13.Nf3e5 Qd8d6
14.Rf1e1 Bc8e6
15.h3 Ra8d8
16.Nb1d2 b5
17.Nd2f3 h6
18.Bc1d2 Be7f8
19.Re1e3 Nf6e4
20.Re3xe4 dxe4
21.Qf4xe4 Qd6d5
22.Qe4f4 f6
23.Ne5g6 Qd5f5
24.Ng6xf8 Qf5xf4
25.Bd2xf4 Kxf8
26.Bf4c7 Rd8d7
27.Bc7a5 Be6d5
28.Nf3h4 Rd7e7
29.Nh4g6 Kf7
30.Ng6xe7 Re8xe7
31.Kf1 g5
32.f3 h5
33.Kf2 Kg6
34.Ba5b4 { draw }
1/2-1/2

[Event "Eq:Los Tercios-Clubul Central de Sah : "]
[Site "www.chess-mail.com"]
[Date "2015.11.19"]
[Round "1"]
[White "Calulalb"]
[Black "Julianlore"]
[WhiteElo "2730"]
[BlackElo "2610"]
[Result "0-1"]
[Round "1"]
1.c4 e5
2.Nb1c3 Ng8f6
3.Ng1f3 Nb8c6
4.g3 d5
5.cxd5 Nf6xd5
6.Bf1g2 Nd5b6
7.d3 Bf8e7
8.O-O O-O
9.Bc1e3 Bc8e6
10.a3 f5
11.Ra1c1 Kh8
12.b4 a6
13.Be3c5 a5
14.d4 e4
15.Bc5xb6 cxb6
16.d5 exf3
17.Bg2xf3 Be6g8
18.dxc6 bxc6
 { time }
0-1

[Event "Eq:Clubul Central de Sah-Slap Shot Mates : "]
[Site "www.chess-mail.com"]
[Date "2015.11.19"]
[Round "1"]
[White "Calulalb"]
[Black "Witpar"]
[WhiteElo "2700"]
[BlackElo "2630"]
[Result "0-1"]
[Round "1"]
1.c4 e5
2.Nb1c3 Nb8c6
3.g3 g6
4.Bf1g2 Bf8g7
5.e3 d6
6.Ng1e2 h5
7.d4 exd4
8.exd4 h4
9.h3 hxg3
10.fxg3 a6
 { time }
0-1

[Event "Tourn. n8453"]
[Site "www.chess-mail.com"]
[Date "2015.11.20"]
[Round "1"]
[White "Amaya"]
[Black "Attatroll"]
[WhiteElo "2050"]
[BlackElo "1940"]
[Result "0-1"]
[Round "1"]
1.d4 f5
2.e3 Ng8f6
3.Bf1d3 g6
4.Nb1d2 Bf8g7
5.f4 O-O
6.Ng1f3 d6
7.c3 c6
8.O-O h6
9.Qd1e2 Nb8d7
10.a3 Nf6d5
11.Nf3h4 Kh7
12.Qe2f2 e5
13.fxe5 dxe5
14.Qf2g3 Nd5e7
15.b3 Qd8e8
16.a4 exd4
17.exd4 Qe8f7
18.Nh4f3 Ne7d5
19.Nd2c4 Nd7f6
20.Nc4d6 Qf7d7
21.Nf3h4 Nd5e7
22.Nh4xg6 Nf6h5
23.Ng6xf8 Bg7xf8
24.Qg3h4 Qd7xd6
25.Qh4xh5 Qd6g6
26.Qh5f3 Bf8g7
27.Bc1f4 Bc8e6
28.Ra1e1 Be6d5
29.Qf3e3 Qg6xg2

0-1

[Event "Tourn. n8474"]
[Site "www.chess-mail.com"]
[Date "2015.11.20"]
[Round "1"]
[White "Aperturaf"]
[Black "Gmscalpel"]
[WhiteElo "2450"]
[BlackElo "2400"]
[Result "1-0"]
[Round "1"]
1.e4 c5
2.Ng1f3 Nb8c6
3.Bf1b5 Ng8f6
4.Nb1c3 a6
5.Bb5xc6 bxc6
6.e5 Nf6d5
7.Nc3e4 d6
8.O-O e6
9.c4 Nd5b4
10.d4 { resign }
1-0

[Event "Tourn. n8451"]
[Site "www.chess-mail.com"]
[Date "2015.11.20"]
[Round "1"]
[White "Gatrooper"]
[Black "Cheminet"]
[WhiteElo "1620"]
[BlackElo "1720"]
[Result "0-1"]
[Round "1"]
1.e4 c5
2.d3 d6
3.h3 g6
4.Ng1f3 Nb8c6
5.a3 Bf8g7
6.Nb1c3 Ng8f6
7.Bc1g5 O-O
8.Bg5xf6 Bg7xf6
9.Nc3d5 Bf6xb2
10.Ra1b1 Bb2xa3
11.Nf3d2 e6
12.Nd5f4 Ba3b4
13.Bf1e2 Qd8f6
14.O-O Qf6xf4
15.g3 Qf4xd2
16.Qd1xd2 Bb4xd2
17.Rb1d1 Bd2c3
18.Kh1 Nc6d4
19.Be2g4 f5
20.exf5 exf5
21.Bg4xf5 Bc8xf5
22.g4 Bf5d7
23.f3 Nd4xf3
24.Kg2 Nf3d4
25.Rf1xf8 Ra8xf8
26.Rd1b1 b5
27.Rb1d1 Bd7c6
28.Kh2 Nd4f3
29.Kg3 Nf3g5
30.h4 Bc3e5
{ resign }
0-1

[Event "Tourn. n8401"]
[Site "www.chess-mail.com"]
[Date "2015.11.20"]
[Round "1"]
[White "Obisporey"]
[Black "Cathar"]
[WhiteElo "2600"]
[BlackElo "2260"]
[Result "1-0"]
[Round "1"]
1.e4 e6
2.d4 d5
3.Nb1c3 Bf8b4
4.e5 c5
5.a3 Bb4xc3
6.bxc3 Ng8e7
7.Qd1g4 O-O
8.Bf1d3 f5
9.exf6 Rf8xf6
10.Bc1g5 Rf6f7
11.Qg4h5 g6
12.Qh5d1 Qd8a5
13.Bg5d2 Nb8d7
14.Ng1f3 c4
15.Bd3e2 Ne7c6
16.Nf3g5 Rf7e7
17.f4 Nd7f6
18.O-O Bc8d7
19.a4 h6
20.Ng5h3 Re7f7
21.Nh3f2 Nc6e7
22.Qd1b1 Qa5c7
23.Be2f3 Ne7f5
24.a5 Nf5d6
25.Rf1e1 Ra8e8
26.Qb1b4 Nd6b5
27.Re1e2 Qc7d6
28.Qb4b2 Kh7
29.g3 Re8g8
30.Bf3g2 Rg8e8
31.Ra1e1 Qd6a3
32.Qb2xa3 Nb5xa3
33.g4 Na3xc2
34.Re1b1 Nc2a3
35.Rb1xb7 Na3b5
36.g5 Nf6h5
37.Nf2g4 Re8e7
38.Ng4xh6 Rf7f8
39.Bg2xd5 { resign }
1-0

[Event "Tourn. n8461"]
[Site "www.chess-mail.com"]
[Date "2015.11.20"]
[Round "1"]
[White "Azulmarino"]
[Black "Caspito"]
[WhiteElo "1750"]
[BlackElo "1780"]
[Result "0-1"]
[Round "1"]
1.e4 e5
2.Ng1f3 Nb8c6
3.a3 Ng8f6
4.Nb1c3 d5
5.d3 d4
6.Nc3d5 Nf6xd5
7.exd5 Qd8xd5
8.Bf1e2 Bc8g4
9.Bc1g5 f6
10.Bg5d2 O-O-O
11.O-O Bf8d6
12.h3 Bg4h5
13.b4 h6
14.Nf3h4 Bh5xe2
15.Qd1xe2 g5
16.Nh4f3 h5
17.Rf1e1 g4
18.Nf3h4 Qd5e6
19.hxg4 hxg4
20.g3 Rd8g8
21.b5 Nc6e7
22.a4 Bd6c5
23.a5 Ne7g6
24.Nh4xg6 Rg8xg6
25.b6 cxb6
26.axb6 Bc5xb6
27.Bd2a5 Rg6h6
28.c3 Rh6h1
{ resign }
0-1